000 00534nam a2200193 a 4500
001 18588
003 CO-ViMGA
008 141112s2004 ck r 000 u spa d
020 _a8495150085
040 _aCO-ViMGA
_bspa
_cCO-ViMGA
082 0 4 _aPONc
100 1 _aPonti, Claudia
_926466
245 1 0 _aEn el coche , en el fondo del jardín . En la cama
260 _aBarcelona (España),
_cCorimbo,
_c1998
300 _a30.p.
650 1 4 _aCUENTOS INFANTILES
_92743
650 1 4 _aLIBROS Y LECTURAS PARA NIÑOS
_92410
942 _2ddc
_cBK
999 _c27850
_d27850